000 01039aab a2200217 4500
001 768714001
003 CO-MdFUSB
005 20250718162816.0
008 170519s1998 cr ||||| |||| 00| 0 spa d
022 _a1409-1968
040 _aCO-MdFUSB
_bspa
_cCO-MdFUSB
_dCO-MdFUSB
041 _aspa
100 1 _aHermano Pablo
_eautor
245 1 0 _aCartas a Timoteo :
_balgún día me escuchará predicar
_c/ Hermano Pablo
300 _aVolumen 15, número 4 (julio - septiembre, 1998), páginas: 18 - 19
_c; 27 cm
520 _aExperiencia de vida del Hermano Pablo y reflexiones sobre como gestionar conflictos o manejar la ira. Si no logramos controlar nuestras emociones, ocasionalmente lla frustración o rabia, nunca alcanzaremos el nivel de nuestro líder, que debería ser la aspiración y ambición de todo siervo de Dios.
650 7 _aGestión de conflictos
_92119
773 0 _tApuntes Pastorales
_049442
_960168
_gVolumen 15, número 4 (julio - septiembre, 1998), páginas: 18 - 19
_qpágina: 18
942 _cANA
945 _aJTF-925
999 _c58872
_d58872